[Event "Reggio Emilia 54th"]
[Site "Reggio Emilia"]
[Date "2011.12.30"]
[Round "4"]
[White "Giri, Anish"]
[Black "Nakamura, Hikaru"]
[Result "0-1"]
[WhiteElo "2714"]
[BlackElo "2758"]
[Annotator "Likavsky,T"]
[PlyCount "118"]
[EventDate "2011.12.27"]
[EventType "tourn"]
[EventRounds "10"]
[EventCountry "ITA"]
[EventCategory "20"]
[SourceTitle "CBM 146"]
[Source "ChessBase"]
[SourceDate "2012.01.18"]
[SourceVersion "1"]
[SourceVersionDate "2012.01.18"]
[SourceQuality "1"]

1. d4 Nf6 2. c4 g6 3. Nc3 Bg7 4. e4 d6 5. Nf3 O-O 6. Be2 e5 {The King's Indian
Defence is the good one among the openings against 1.d4 - in it Black has
counterplay usually and so he can play for victory. Of course there is one
option for White just now - to take on e5 then on d8 then to offer draw and to
look like a real clown...} 7. O-O Nc6 {Black needs the centre closed with
d4-d5. Then he can get the counterplay easily. Therefore 7...Nbd7 or 7...Na6
are not so theoretically well-founded.} 8. d5 Ne7 9. Ne1 ({The main line
nowadays is 9.b4. But Hikaru has also been very successful there:} 9. b4 Nh5 (
9... Ne8 10. c5 f5 11. Nd2 Nf6 12. a4 g5 13. Nc4 h6 14. f3 f4 15. Ba3 Ng6 16.
b5 dxc5 17. Bxc5 Rf7 18. a5 h5 19. b6 g4 20. Nb5 cxb6 21. axb6 g3 22. Kh1 Bf8
23. d6 a6 24. Nc7 Rb8 25. Na5 Kh8 26. Bc4 Rg7 27. Ne6 Bxe6 28. Bxe6 gxh2 29.
Nc4 Qe8 30. Bd5 h4 31. Rf2 h3 32. gxh3 Rc8 33. Ra5 Nh4 34. Kxh2 Nd7 35. Bb4 Rg3
36. Qf1 Qh5 37. Ra3 a5 38. Be1 Rxc4 39. Bxc4 Bxd6 40. Rxa5 Bc5 41. Be2 Bxb6 42.
Rb5 Bd4 43. Bd1 Bxf2 44. Bxf2 Nxf3+ 45. Bxf3 Qxf3 46. Rb1 Rg6 47. Rxb7 Nf6 48.
Rb8+ Kh7 49. Rb7+ Kh6 {0-1 Anand,V (2811)-Nakamura,H (2758)/London ENG 2011/
The Week in Chess 892}) 10. c5 Nf4 11. a4 f5 12. Bc4 fxe4 13. Nxe4 h6 14. Re1
Bg4 15. Ra3 g5 16. h3 Bh5 17. Bxf4 Rxf4 18. g3 Rf8 19. a5 Kh8 20. Kg2 Rb8 21.
Qd2 b6 22. axb6 axb6 23. Nfxg5 hxg5 24. Qxg5 Bg6 25. cxd6 cxd6 26. Ra7 Rc8 27.
Rxe7 Rxc4 28. f3 Rc2+ 29. Kg1 Rc8 30. Ra1 Rf7 31. Qxg6 Qxe7 32. Ng5 Kg8 {
0-1 Kramnik,V (2781)-Nakamura,H (2770)/Dortmund GER 2011/The Week in Chess 873
(50)}) 9... Nd7 10. f3 f5 {This is the move which starts the counterplay I was
speaking about. Black's plan is ...f5-f4, ...g6-g5, then later to prepare ...
g5-g4-g3 and ...Qh4...} 11. Be3 {We know the Black's plan, thus why give him
the tempo ...f5-f4? The reason is that the Be3 will carry out both attacking 
(to support c4-c5, to impact on a7 and b6) and defending duties (the well
known plan Kh1, vBe3-g1 to cover h2 in the case of the presence the black pawn
on g3 and the black queen on h4) on the /^ g1-a7.} f4 12. Bf2 g5 13. Rc1 {
White wants to play c4-c5 and cxd6, so c1 is a good square for the rook.} ({
It's important to know that} 13. b4 $6 {is just a waste of time. Black would
like to play} Nf6 {anyway to help ...g5-g4, so White will not need any more
support for the advance c4-c5. It's much better to play more useful moves (Rc1,
a4,...). White still has such moves.}) ({I also don't like} 13. Nd3 {so much
for the same reason. The knight standing on e1 could protect g2 in some lines,
though now the f1-rook can move...}) (13. a4 {/\a4-a5, Nb5 is rather frequent,
when} a5 $1 {is critical.}) ({And finally} 13. g4 {with a different idea - to
close the kingside or to change the pawn structure completely (after 13...fxg3)
. The latest high level results are promising for White:} h5 (13... fxg3 14.
hxg3 Ng6 15. Ng2 Nf6 16. Qd2 Nh5 17. Ne3 Ngf4 18. Kh2 Nxe2 19. Qxe2 Qf6 20. Nf5
Bxf5 21. exf5 Qxf5 22. g4 Qf4+ 23. Kg2 e4 24. Nxe4 Rae8 25. Rae1 Rxe4 26. Qxe4
Be5 27. Rh1 Qxe4 28. Rxe4 Nf4+ 29. Kf1 Nd3 30. Be3 Nxb2 31. Kg2 Na4 32. Bxg5
Nc5 {1-0 Ponomariov,R (2754)-Korobov,A (2660)/Kiev 2011} (32... Nc5 33. Rxe5
dxe5 34. Be7)) 14. h3 Rf6 15. Nd3 Rh6 16. Kg2 c5 17. dxc6 Nxc6 18. c5 dxc5 19.
Nxc5 Nd4 20. Bc4+ Kh7 21. Nb3 Nf6 22. Nxd4 exd4 23. e5 hxg4 24. hxg4 Nxg4 25.
fxg4 Bxe5 26. Rh1 Qd7 27. Ne4 Rxh1 28. Qxh1+ Kg7 29. Qh5 Qxg4+ 30. Qxg4 Bxg4
31. Nxg5 {1-0 Ponomariov,R (2754)-Nakamura,H (2774)/Saint Louis 2011/Mega2011 
(93)}) 13... Ng6 {Understanding the ideas of White, Black does not play 13...
Nf6 and prefers 13...Ng6 as a move, which is going to be played sooner or
later anyway.} (13... Rf6 $5 {/\Rf6-h6, Qd8-e8-h5, /\Rf6-g6}) (13... Nf6 $143
$2 14. c5) 14. Nb5 {Hm, somehow I don't believe that this is good.} ({But the
logical (we already know that White doesn't want to waste time for b4 or Nd3.)
and common sacrifice} 14. c5 {is maybe out of fashion:} Nxc5 15. b4 Na6 16. Nd3
Rf7 17. Nb5 b6 $1 18. Be1 Bf6 19. Nf2 h5 20. h3 (20. a3 Qd7 21. Rc3 Bd8 22. Qc2
Nb8 23. a4 a6 24. Na3 Qe8 25. Nc4 Bb7 26. Bd2 Nd7 27. Rc1 Nf6 28. Be1 Rg7 29.
h3 Nh8 30. Nd2 Qg6 31. Nf1 Bc8 32. Nh2 Ne8 33. Kf1 Nf7 34. Qd1 Nh6 35. Rc4 Kh8
36. R1c3 Bb7 37. Qc2 Qf7 38. Bd2 Bf6 39. Ke1 b5 40. Rc6 Bxc6 41. Rxc6 Ng8 42.
axb5 axb5 43. Bxb5 g4 44. hxg4 Bh4 45. Bc3 Nef6 46. g5 Rxg5 47. Kf1 Bxf2 48.
Qxf2 Qg7 49. Ra6 Rxa6 (49... Rb8 50. Bc4 Ne7 51. Ra2 Rg8 $19) 50. Bxa6 {
1/2 Nielsen,P (2651)-Likavsky,T (2492)/Germany 2007/CBM 123 (72)}) 20... Bb7
21. Rc2 Qd7 22. Qd3 Bd8 23. Bd2 Nb8 24. Rfc1 Ba6 25. Rc3 Rg7 26. Ra3 Ne7 27.
Be1 Nc8 28. Rac3 Rh7 29. Nd1 Rg7 30. Bf2 Kh7 31. Nb2 Kh6 32. Kf1 Kh7 33. Ke1
Kh6 34. R3c2 Rf7 35. Nd1 Rg7 36. Bf1 Kh7 37. Rc3 Kg8 38. R1c2 Kh7 39. Kd2 Kg8
40. Kc1 Kh7 41. Kb2 Kg8 42. Rc1 Kh7 43. R3c2 Kg8 44. Ndc3 Qe8 45. Nb1 Bxb5 46.
Qxb5 Qf8 {1/2 Topalov,V (2813)-Radjabov,T (2757)/Nanjing 2009/CBM 133 (95)})
14... b6 $1 {Weakening c6, but gaining plenty of time.} (14... a6 $2 15. Na7 {
/\Nxc8 killing the dangerous bishop and} Rxa7 $2 {doesn't work:} 16. Bxa7 b6
17. b4 Bb7 18. c5 dxc5 19. bxc5 Nxc5 20. Rxc5 $16) (14... Nf6 $6 {is also good
for White after the surprising sacrifice of a piece:} 15. c5 a6 (15... Rf7 16.
cxd6 cxd6 17. Qc2 g4 18. Nc7 g3 19. Nxa8 Bd7 20. Nc7 Nh5 21. Kh1 Qh4 22. Bg1
gxh2 23. Bf2 Ng3+ 24. Bxg3 fxg3 25. Bb5 Bxb5 26. Nxb5 Bf8 27. Nd3 Qg5 28. Nc7
h5 29. Ne6 Qe3 30. Rce1 Qb6 31. Qd2 {1-0 Lenderman,A (2581)-Haast,A (2268)/
Wijk aan Zee NED 2011/The Week in Chess 890}) 16. cxd6 axb5 17. dxc7 Qe8 18.
Qb3 $16 g4 19. Bxb5 Bd7 20. Bxd7 Qxd7 21. Qxb7 (21. d6+ $5) 21... g3 22. hxg3
fxg3 23. Bxg3 Rac8 24. Qc6 Rf7 25. Nd3 {1/2 Sarkar,J (2418)-Berg,E (2627)/
Caleta 2011 (47)}) 15. b4 a6 16. Nc3 Rf7 {Very clever attacking/defending
setup. Always the same story in this game. Black has still a few good moves
like ...Bf8, ...Rg7, ...h5 to prepare ...g4, but holding the knight on d7 to
cover c5 and b6 (the white Na4 would very much like to go to b6 to take Bc8)
for some time.} (16... Nf6 17. c5 Rb8 18. Nd3 bxc5 $6 19. bxc5 h5 20. cxd6 cxd6
21. Qc2 g4 22. Rb1 Rxb1 23. Rxb1 h4 24. fxg4 Nxg4 25. Nd1 h3 26. Rb8 Nxf2 27.
N1xf2 Qg5 28. Ne1 Ne7 29. Bf3 Bf6 30. Qc7 Kg7 31. Qxd6 Rh8 32. Qc7 hxg2 33.
Bxg2 $18 {1/2 Miroshnichenko,E (2651)-Mamedov,N (2587)/Konya TUR 2011/The Week
in Chess 869 (65)}) 17. Nd3 h5 18. c5 Bf8 19. cxb6 cxb6 20. b5 {Now Black can
plug the only gap, the c-file, with the patient knight - the hero of this game.
But Black was already at least fine from my point of view.} (20. Nb2 Nf6 (20...
Rg7 $5) 21. Nc4 Rb8 $132 {/\g5-g4-g3}) (20. Na4 $2 {/\Rc6} b5 $1 21. Nc3 Nf6
22. a4 Bd7 $17 {and g5-g4-g3.}) 20... a5 $1 21. Na4 {/\Rc6} Nc5 $1 {White,
understanding the problem, decided to open the position at any cost. But he
failed after all...} 22. Ndxc5 dxc5 {/\Bd6} 23. d6 $6 Be6 24. Bxc5 $2 {
Desperation or simply miscalculation.} bxc5 25. Nxc5 Bxa2 $1 26. Qa4 Bxd6 27.
Qxa2 Bxc5+ $17 28. Kh1 (28. Rxc5 $2 Qd4+) 28... Bd4 (28... Be3 $1 {should be
stronger.}) 29. Bc4 Raa7 30. Bxf7+ Rxf7 31. Qd5 $2 {The final mistake.} ({After
} 31. Rc6 $1 {White can still continue. The black king is exposed, the rook
pinned, and the white b-pawn not harmless...}) 31... Qxd5 32. exd5 $19 {
The game is over now. Black leaves his opponent with no hope in the further
course of events.} Ne7 $1 33. d6 Nf5 34. Rc8+ Kg7 35. Rc6 a4 $1 36. Rfc1 a3 37.
Ra6 a2 38. Rxa2 Nxd6 39. b6 Bxb6 40. Rc6 Rc7 41. Rxc7+ Bxc7 42. Ra7 Ne8 43. g3
Kg6 44. Kg2 Bd6 45. Ra6 Kf5 46. Rc6 g4 47. gxf4 exf4 48. fxg4+ hxg4 49. h3 g3
50. Kf3 Be5 51. Rh6 Ng7 52. h4 Ne6 53. Rh5+ Kf6 54. Kg2 Nd4 55. Kh3 f3 56. Rh8
g2 57. Rg8 Ne2 58. Rg6+ Kxg6 59. h5+ Kg5 0-1

[Event "Moscow Tal Memorial 2nd"]
[Site "Moscow"]
[Date "2007.11.16"]
[Round "6"]
[White "Kamsky, Gata"]
[Black "Jakovenko, Dmitrij"]
[Result "0-1"]
[WhiteElo "2714"]
[BlackElo "2710"]
[Annotator "Marin,M"]
[PlyCount "180"]
[EventDate "2007.11.10"]
[EventType "tourn"]
[EventRounds "9"]
[EventCountry "RUS"]
[EventCategory "20"]
[SourceTitle "CBM 122"]
[Source "ChessBase"]
[SourceDate "2008.01.30"]
[SourceVersion "1"]
[SourceVersionDate "2008.01.30"]
[SourceQuality "1"]

1. e4 e5 2. Nf3 Nc6 3. Bb5 a6 4. Ba4 Nf6 5. O-O Be7 6. Re1 b5 7. Bb3 d6 8. c3
O-O 9. h3 Re8 10. d4 Bb7 11. Nbd2 Bf8 12. a3 $5 {This move has never been part
of the main stream of theory, but is not without venom. White intends to
remove the bishop from the relatively exposed b3-square and clear the way of
the b-pawn at the same time, without releasing the pressure along the a2-g8
diagonal.} h6 13. Ba2 Nb8 {Black anticipates the move b4, when his knight
would be somewhat retsricted by starting a regrouping characteristic for the
Breyer system.} ({However, since the further course of the game will cast some
doubt on this plan, the normal developing move} 13... Qd7 {deserves attention.
White usually plays} 14. b4 $13 {with chances for both sides. See, for
instance, Shabalov,A (2575)-Goldin,A (2555)/New York 1993/CBM 035/[Ftacnik] 
(1-0, 45)}) 14. Qb3 $5 {An important element in White's strategy. The threat
on f7 is easy to parry, of course, but will induce certain disharmony in
Black's camp.} Qd7 {This probably is the best way to defend f7, although the
queen temporarily deprives the knight of the d7-square.} (14... Qe7 15. a4 $1 (
{Old theory recommended} 15. dxe5 dxe5 16. Nh4 {but White is not sufficiently
well developed to start an attack after a calm move such as} c5) {In order to
defend the b5-pawn, Black would probably have to play} 15... Qd7 {anyway, when
after} (15... c6 $2 {leaves the b7-bishop exposed to the simple tactical
operation} 16. dxe5 dxe5 17. Nxe5 Qxe5 18. Qxf7+ Kh8 19. Qxb7 $16) 16. Qc2 $14
{White would be a useful tempo up compared to the game.}) 15. Qc2 c5 {Black
hurries to take advantage of the main drawbacks of White's previous play: the
bishop risks remaining passive on a2, while the b3-square has been slightly
weakened.} 16. d5 {Now, the a2-bishop will remain temporarily passive, but
Black will need considerable time to activate his kingside minor pieces, too.}
(16. b4 {is less logical, because after} c4 {the a2-bishop remains temporarily
out of play.} 17. d5 Nh5 {Anticipating White's kingside attack.} ({In a later
game, Smejkal tried} 17... a5 {, but was gradually reduced to passivity:} 18.
Nf1 Qc7 19. Ng3 Nbd7 20. Bd2 axb4 21. axb4 g6 22. Re2 Nb6 23. Rf1 Bg7 24. Bb1
Ra1 25. Qc1 Rea8 26. Ne1 h5 27. Nc2 R1a6 28. Bh6 Bh8 29. f4 $36 {Matulovic,M 
(2460)-Smejkal,J (2570)/Smederevska Palanka 1982/MCL (1-0, 56)}) 18. Nf1 g6 19.
Ng3 Nxg3 (19... Nf4 $2 20. Bxf4 exf4 21. Ne2 g5 22. Ned4 $16) 20. fxg3 a5 21.
Be3 Bg7 22. Re2 axb4 23. axb4 f5 $5 {Undermining the d5-pawn, but weakening
his king's position in a moment when his queenside minor pieces cannot provide
adequate defence yet.} (23... Qc7 24. g4 Nd7 $11 {looks like a simpler way to
maintain the balance even.}) 24. Rf1 $13 {Adorjan,A (2550)-Smejkal,J (2565)/
Vienna 1980/MCL/[ChessBase] (1/2-1/2, 57)}) (16. b3 {looks artificial.} cxd4
17. cxd4 Nc6 {Black aims to block the position.} (17... exd4 18. Nxd4 Nc6 {
might be objectively better, leaving White slightly underdeveloped.} 19. Nxc6
Qxc6 $1 {Exchanging an important defender of the e4-pawn.} 20. Qxc6 Bxc6 $36)
18. d5 Ne7 19. b4 Rac8 20. Qd3 g6 21. Nb3 $2 (21. Bb2 Bg7 22. Rac1 Nh5 $132) {
and now, in Perenyi,B (2415)-Lukacs,P (2460)/Hungary 1986/EXT 97 (1/2-1/2, 43),
Black missed the possibility of} 21... Nexd5 $1 22. exd5 e4 $17 23. Qd4 exf3
24. Rxe8 Rxe8 25. Qxf6 Bg7 26. Qxf3 Bxa1 27. Nxa1 Re1+ 28. Kh2 Rxc1 $19) 16...
c4 (16... Qc7 17. c4 Nbd7 18. b4 $14 {leads to the same type of position as in
the game. Lacking space in the centre and having a passive bishop on b7, Black
will have problems to deal with the queenside tension.}) 17. b3 $1 {In order
to maintain the initiative, White has to open the queenside before Black
manages to carry out his tortuous regrouping.} cxb3 18. Bxb3 (18. Nxb3 {
enables the natural development of the other bishop, but gives up the hope of
opening the position further with c4.} Qc7 19. Be3 Nbd7 20. Qd3 {1/2-1/2
Popovic,P (2535)-Terzic,S (2360)/Zenica 1989/EXT 97}) 18... Qc7 19. c4 Rc8 $146
{Black concentrates his forces on the queenside, but implicitly delays solving
the problem of the b7-bishop by blocking the c8-square.} (19... Nbd7 20. cxb5 (
20. a4 {, as played in our main game, is less good now because of} b4 21. a5
Nc5 {and Black will soon transfer his bishop to d7, maintaining a favourable
queenside structure and a harmonious placement of his pieces.}) 20... Qxc2 21.
Bxc2 axb5 22. Rb1 Nc5 ({Black could have defended the pawn with} 22... Ba6 {
, but he probably disliked the fact that this would obstruct the queen's rook.
This kind of minor concessions is typical for positions in which one of the
sides lacks space in the centre.}) 23. Nb3 ({The critical continuation is} 23.
Rxb5 {. Black cannot proceed with the immediate activation of his pieces with}
Ba6 $6 {because of} 24. Rxc5 $1 dxc5 25. Ba4 Re7 26. Bb2 $16) 23... Na4 24. Bd2
Rec8 $11 {Beliavsky,A (2545)-Geller,E (2590)/Lvov 1978/MCL (0-1, 67)}) 20. a4
Nbd7 {It looks logical to continue development, but White will retain a small
plus almost by force now.} ({Even though} 20... b4 {is less favourable now
than in the game Beliavsky-Geller, Black should have tried it anyway, for
instance} 21. a5 Nbd7 {and it remains an open question whether White can make
use in any constructive way of the few tempi consumed by Black's regrouping.})
21. Ba3 Qa5 22. Nf1 $1 {White clears the d2-square for the queen in order to
prevent ...b4. At the same time, the first rank is defended, which makes the
threat axb5 real.} ({The mechanical increase of the pressure with} 22. Reb1 $6
{allows} b4 $1 23. Bxb4 (23. Bc1 Nc5 $15) 23... Qxb4 24. Ba2 Qa5 25. Rxb7 Nc5
$15) (22. axb5 axb5 23. Bxd6 {leads to unclear consequences after} Qxa1 {
for instance} 24. Bxf8 (24. Rxa1 $2 Rxa1+ 25. Kh2 Bxd6 $19) 24... bxc4 {
It is useful to force White decide with which piece he will capture on c4
before choosing the retreat square for the queen.} 25. Rxa1 (25. Nxc4 Qa6 26.
Be7 Nb6 27. Nfxe5 Nfxd5 28. exd5 Bxd5 29. Rc1 Ra7 30. Bd6 Bxc4 31. Bxc4 Nxc4
32. Nxc4 Rxc4 33. Qxc4 Qxd6 $11) (25. Bxc4 Qa5 26. Bd6 Ba6 $132) 25... Rxa1+
26. Kh2 cxb3 27. Qxb3 Bxd5 28. exd5 Rxf8 $13) 22... bxc4 {Black releases the
tension at the moment when the c4-square is less well defended, hoping to ease
his defence by simplifying the position.} (22... b4 $2 23. Qd2 $1 $16) (22...
Nb6 $2 23. axb5 axb5 24. Bxd6 $16) (22... Qb6 23. a5 Qc7 24. Ne3 Nc5 25. Nd2
$14) 23. Bxc4 Nb6 24. N1d2 $1 (24. N3d2 {looks more natural, but Kamsky
foresaw that this knight is needed to maintain the e5-pawn under pressure.})
24... Qxa4 25. Qxa4 Nxa4 26. Reb1 Rc7 27. Bxd6 $1 (27. Nxe5 $2 Nc3 28. Rc1
Ncxe4 $15) 27... Bxd6 28. Rxa4 a5 29. Rb6 Bc5 (29... Rd7 $2 30. Bb5 $18) (29...
Ne8 $6 30. Nb3 Bc8 31. Bb5 $16) 30. Rb5 Bb4 31. Raxb4 axb4 32. d6 $6 {The
advance of this pawn is a permanent threat, but, as known from olden times,
the threat is stronger than its execution!} (32. Rxb4 $1 Re7 (32... Nd7 $6 33.
d6 $16) 33. d6 {Now, this is well timed, as it wins a whole tempo.} Rd7 34.
Nxe5 Rxd6 35. Rxb7 Rxd2 36. Bxf7+ Kh8 (36... Kh7 {does not change anything
essentially.} 37. f3 Rc8 38. Be6 Rcc2 $2 39. Bf5+ $1 $18) (36... Kf8 $4 37.
Ng6#) 37. f3 $14 {White has 2 pawns for the exchange and an active placement
of pieces. Despite the weakness of the second rank, White's king is out of
danger because White is well ahead on the way to creating threats against the
enemy king. For instance} Rc8 38. Be6 $1 Rcc2 $2 39. Rb8+ Kh7 40. Bf5+ g6 41.
Rb7+ Kg8 42. Be6+ Kf8 43. Nxg6+ Ke8 44. Rb8+ Rd8 45. Rxd8+ Kxd8 46. Kh2 $16)
32... Rd7 33. Rxb4 (33. Nxe5 Rxd6 34. Bxf7+ Kh7 35. Rxb7 Rxd2 36. Rxb4 {
would be a worse form of the previous variation.}) 33... Ra7 34. Rb6 Ne8 35.
Bxf7+ $2 ({The position would have remained level after} 35. Nxe5 Rxd6 36.
Bxf7+ Kf8 37. Rb2 Rd4 $13) 35... Rxf7 36. Nxe5 Nxd6 37. Rxd6 (37. Nxf7 Nxf7 $15
) 37... Ra1+ 38. Kh2 Rxf2 $15 {Only Black can play for a win here, but White
should be entitled to count on a draw.} 39. Kg3 Rf8 40. Rd7 Ra3+ 41. Nef3 Ba8
42. h4 Ra4 43. Nd4 Ra3+ 44. N4f3 Bc6 45. Rd6 Bb5 46. Kf2 Be8 47. Rd5 Rc3 48.
Ra5 Bc6 49. Ra7 Rd3 50. Kg3 Rfd8 51. Ra2 Be8 52. Nf1 Bg6 53. Re2 Re8 54. Kf4
Rf8+ 55. Kg3 Rc3 56. Re1 Ra3 57. Kg4 Ra2 58. N1d2 Rd8 59. Re2 Be8 60. Rf2 Bc6
61. Kg3 Rd3 62. Re2 Be8 63. Rf2 Bg6 64. Kg4 Rc2 65. Kg3 Ra3 66. Kf4 Raa2 67. g4
Be8 68. Rh2 Rc7 69. Ne5 Rcc2 70. Nef3 Ra6 71. g5 $6 {Unnecessarily weakening
the kingside light squares, without obtaining real attacking chances.} Bh5 $1
72. Nd4 Rc8 73. gxh6 Rf8+ 74. Kg5 Ra5+ 75. Nf5 g6 76. Rf2 gxf5 77. exf5 Bf7 78.
Ne4 Ra2 79. Rf1 Rg2+ 80. Kf4 Bg6 81. Ng3 Bh7 82. h5 Kh8 83. Rf3 Ra2 84. Ke5
Re8+ 85. Kf6 Ra6+ 86. Kg5 Rg8+ 87. Kf4 Rxh6 88. Ne4 Rxh5 89. Nd6 Rf8 90. Ke5
Rh1 0-1

[Event "Moscow Tal Memorial 8th Blitz"]
[Site "Moscow"]
[Date "2013.06.12"]
[Round "8"]
[White "Andreikin, Dmitry"]
[Black "Mamedyarov, Shakhriyar"]
[Result "1-0"]
[WhiteElo "2713"]
[BlackElo "2753"]
[PlyCount "61"]
[EventDate "2013.06.12"]
[EventType "tourn (blitz)"]
[EventRounds "9"]
[EventCountry "RUS"]
[EventCategory "22"]
[SourceTitle "CBM 154 Extra"]
[Source "ChessBase"]
[SourceDate "2013.06.25"]
[SourceVersion "2"]
[SourceVersionDate "2013.06.25"]
[SourceQuality "1"]

1. Nc3 d5 2. e4 d4 3. Nce2 e5 4. Ng3 g6 5. Bc4 Bg7 6. d3 h5 7. f4 h4 8. N3e2
Nc6 9. h3 Na5 10. Bd5 c6 11. Bxf7+ Kxf7 12. fxe5 c5 13. Nf3 Nc6 14. O-O Ke8 15.
Bg5 Qc7 16. Nf4 Nxe5 17. Nd5 Qd6 18. b4 Be6 19. bxc5 Qxc5 20. Bf4 Bxd5 21. exd5
Nxf3+ 22. Qxf3 Nf6 23. Rae1+ Kd7 24. d6 Qd5 25. Re7+ Kc6 26. Rc7+ Kb6 27. Rxg7
Qxf3 28. Rxf3 Rhe8 29. d7 Re1+ 30. Kf2 Rc1 31. Bxc1 1-0

[Event "Wch Blitz 7th"]
[Site "Khanty-Mansiysk"]
[Date "2013.06.09"]
[Round "7"]
[White "Jakovenko, Dmitrij"]
[Black "Tkachiev, Vladislav"]
[Result "1-0"]
[WhiteElo "2713"]
[BlackElo "2649"]
[PlyCount "63"]
[EventDate "2013.06.09"]
[EventType "swiss (blitz)"]
[EventRounds "30"]
[EventCountry "RUS"]
[SourceTitle "CBM 154 Extra"]
[Source "ChessBase"]
[SourceDate "2013.06.25"]
[SourceVersion "2"]
[SourceVersionDate "2013.06.25"]
[SourceQuality "1"]

1. d4 Nf6 2. c4 e6 3. Nf3 Bb4+ 4. Nbd2 O-O 5. a3 Be7 6. e4 d6 7. Bd3 e5 8. O-O
exd4 9. Nxd4 Re8 10. b4 a5 11. Bb2 Nbd7 12. Nf5 Bf8 13. Ne3 c6 14. Qb3 Ne5 15.
Be2 Qb6 16. c5 Qc7 17. cxd6 Qxd6 18. Rad1 Qc7 19. f4 Neg4 20. Bxf6 Nxf6 21. e5
Be6 22. Bc4 Ng4 23. Bxe6 Nxe3 24. Bxf7+ Qxf7 25. Qxe3 axb4 26. axb4 Bxb4 27.
Ne4 Ra2 28. Kh1 Qg6 29. Qf3 Ra3 30. Qe2 Qf7 31. Ng5 Qa2 32. Qh5 1-0